Dánsko

Na minha lista:
Detalhes bibliográficos
Formato: Livro
Idioma:tcheco
Publicado em: Praha NPL 1965
Tags: Adicionar Tag
Sem tags, seja o primeiro a adicionar uma tag!

MARC

LEADER 00000nam a2200000 4500
001 c123008
005 20250515074444.8
041 0 |a cze 
044 |a CZ 
245 1 0 |a Dánsko  |c Jiří Jančík 
264 1 |a Praha  |b NPL  |c 1965 
300 |a 146 s.